guess the anime from bad descriptions - Statistics

General Stats
  • This quiz has been taken 174 times
  • The average score is 11 of 15
Answer Stats
Hint Answer % Correct
large, overweight "giants" try to break through a wall attack on titan
96%
ninjas....thats all im gonna say naruto
96%
a bald man can defeat enemies with one punch one punch man
96%
a boy in highschool finds a book and had a 'god complex' death note
90%
a young hopeless boy actually succeeds after eating his role models hair my hero academia
87%
thousands of gamers cant escape a death trap world sword art online
85%
a lot of blood, gore and canibalism after a boy goes on a date with his crush tokyo ghoul
81%
microwaves, time travel and bananas steins;gate
78%
satan gets a job the devil is a part timer
75%
2 young boys search for a way to get their bodies back fullmetal alchemist
74%
a man is stabbed to death but comes back as a slime in another world that time i got reincarnated as a slime
60%
a princess finds a perverted boy and it turns out hes the leader of a group consisting of 7 seven deadly sins
55%
destructive wizards form a guild and cause a lot of damage fairy tail
50%
a young girl likes her brother....cringeeeee (vamps) vampire knight
36%
girls are forced to give up their souls to a small creature in return for powers madoka magica
29%
No matching quizzes found
Score Distribution
Percent of People with Each Score
Percentile by Number Answered
Your Score History
You have not taken this quiz